[Event "NOR-ch"]
[Site "Oslo"]
[Date "1998.07.05"]
[Round "2"]
[White "Christenson, Flemming"]
[Black "Heim, Sverre"]
[Result "1/2-1/2"]
[WhiteElo "2210"]
[BlackElo "2415"]

1.d4 d5 2.c4 Nc6 3.cxd5 Qxd5 4.e3 e5 5.Nc3 Bb4 6.Bd2 Bxc3 7.bxc3 Nf6 8.c4 Qd6
9.d5 Ne7 10.Bd3 e4 11.Bc2 c6 12.Bc3 cxd5 13.Bxf6 Qxf6 14.cxd5 O-O 15.Ne2 Nxd5
16.O-O Qe5 17.Qb1 Re8 18.Rd1 Bg4 19.Bb3 Nf6 20.Bc4 b6 21.Qb3 Be6 22.Bxe6 Qxe6
23.Qxe6 Rxe6 24.Rac1 Kf8 25.Nd4 Re5 26.Rc7 Re7 27.Rc6 Rd7 28.Rdc1 Rad8 29.h3 Nd5
30.R1c4 Ne7 31.Rc7 Ke8 32.Kh2 a6 33.Kg3 g6 34.Kg4 h6 35.Kg3 Rxc7 36.Rxc7 Rd7
37.Rc2 Nd5 38.Rc8+ Rd8 39.Rc4 Kd7 40.Ne2 Re8 41.Nf4 Nf6 42.Ne2 b5 43.Rd4+ Kc6
44.Nc3 g5 45.f3 exf3 46.Kxf3 a5 47.a3 Kc5 48.Rd1 b4 49.axb4+ axb4 50.Na4+ Kb5
51.Nb2 Rc8 52.Rd6 Rc6 53.Rd4 b3 54.Nd3 Ka5 55.Rd8 Rb6 56.e4 Rb7 57.Nc5 Rb5
58.Nd3 Nh5 59.g3 Ng7 60.Ra8+ Kb6 61.Rb8+ Kc6 62.Nb4+ Kc5 63.Nd3+ Kc4 64.Nb2+ Kc5
65.Nd3+ Kc4 66.Nb2+  1/2-1/2

[Event "St Veit op 17th"]
[Site "St Veit"]
[Date "1998.07.15"]
[Round "5"]
[White "Krizsany, Laszlo"]
[Black "Kovacevic, Blazimir"]
[Result "1/2-1/2"]
[WhiteElo "2410"]
[BlackElo "2440"]

1.d4 d5 2.c4 Nc6 3.Nc3 e5 4.cxd5 Nxd4 5.e3 Nf5 6.Qc2 a6 7.Bd3 Nh4 8.g3 Ng6
9.h4 Bd6 10.h5 N6e7 11.e4 h6 12.f3 Nf6 13.Be3 b5 14.Nge2 Nd7 15.a3 Bb7 16.b4 O-O
17.Rd1 Qb8 18.Qd2 f5 19.Rh4 Qe8 20.g4 f4 21.Bf2 Nc8 22.Nc1 Be7 23.Rh1 Nd6
24.Nb3 Nf6 25.Na5 Bc8 26.Rg1 Nf7 27.Be2 Ng5 28.Rh1 Nxg4 29.fxg4 f3 30.Bf1 Bxg4
31.Nc6 Bd6 32.Qd3 Bxh5 33.Bh3 Bg6 34.Be3 f2+ 35.Kd2 Rf3 36.Bg2 Rg3 37.Qf1 Nf3+
38.Kc1 Ne1 39.Qxf2 Rxe3 40.Qxe3 Nxg2 41.Qg3 Nf4 42.Rdf1 Kh7 43.Rhg1 Qf7 44.Kb2 Qf6
45.Qe3 Be8 46.Na5 g5 47.Nb7 Bg6 48.Nxd6 Qxd6 49.Rc1 Be8 50.Ne2 Rd8 51.Rc3 c6
52.Rd1 cxd5 53.exd5 Qf6 54.Ng3  1/2-1/2

[Event "Oberwart op"]
[Site "Oberwart"]
[Date "1998.07.28"]
[Round "4"]
[White "Vodep, Otto"]
[Black "Grabher, Heinz"]
[Result "1/2-1/2"]
[WhiteElo "2105"]
[BlackElo "2285"]

1.c4 Nc6 2.d4 d5 3.Nf3 Bg4 4.Nc3 e6 5.cxd5 exd5 6.Qa4 Bxf3 7.gxf3 Ne7 8.Bh3 Ng6
9.Be3 Bb4 10.a3 Bxc3+ 11.bxc3 O-O 12.O-O a6 13.Qc2 Qh4 14.Qf5 Nce7 15.Qg4 Qxg4+
16.fxg4 b5 17.a4 c6 18.Ra2 f5 19.gxf5 Nxf5 20.Bxf5 Rxf5 21.axb5 cxb5 22.Rb1 Rff8
23.Rba1 Rf6 24.Bd2 Re6 25.Kf1 Ne7 26.Bf4 Rc6 27.f3 Rxc3 28.Rxa6 Rxa6 29.Rxa6 Nc6
30.Rb6 Nxd4 31.Be5 Rc4 32.Bxd4 Rxd4 33.Rxb5  1/2-1/2

[Event "BCF-ch"]
[Site "Torquay"]
[Date "1998.08.01"]
[Round "6"]
[White "Stephenson, F Norman"]
[Black "Wismayer, Clive R"]
[Result "0-1"]
[WhiteElo "2215"]
[BlackElo "2140"]

1.d4 d5 2.c4 Nc6 3.Nc3 dxc4 4.d5 Ne5 5.f4 Nd7 6.e4 Nb6 7.a4 a5 8.Be3 e6 9.Bxb6 cxb6
10.Bxc4 Bb4 11.Bb5+ Kf8 12.dxe6 Bxe6 13.Qxd8+ Rxd8 14.Rd1 Rxd1+ 15.Kxd1 Nf6
16.Nge2 Ke7 17.Kc1 Rc8 18.Kb1 Rd8 19.f5 Bb3 20.Rc1 Rd2 21.e5 Ng4 22.Ne4 Rd1
23.Rxd1 Bxd1 24.Nf4 Bb3 25.Nd3 Bd5 26.h3 Nxe5 27.f6+ gxf6 28.Ng3 Bxg2 29.Nf4 Bc6
30.Nf5+ Kd7 31.Nh5 Bxb5 32.axb5 Nc4 33.Kc2 Bc5 34.Kc3 Nd6  0-1

[Event "Eikrem mem"]
[Site "Gausdal"]
[Date "1998.08.06"]
[Round "6"]
[White "Bjerke, Richard"]
[Black "Bae, Torstein"]
[Result "1/2-1/2"]
[WhiteElo "2295"]
[BlackElo "2175"]

1.d4 d5 2.c4 Nc6 3.cxd5 Qxd5 4.e3 e5 5.Nc3 Bb4 6.Bd2 Bxc3 7.Bxc3 exd4 8.Ne2 Nf6
9.Nxd4 Bd7 10.Nb5 Qxd1+ 11.Rxd1 O-O-O 12.Be2 a6 13.Bxf6  1/2-1/2

[Event "North Bay op"]
[Site "North Bay"]
[Date "1998.08.06"]
[Round "4"]
[White "Shapiro, Daniel E"]
[Black "Calton, Bill J"]
[Result "0-1"]
[WhiteElo "2305"]
[BlackElo "2270"]

1.d4 d5 2.c4 Nc6 3.cxd5 Qxd5 4.e3 e5 5.Nc3 Bb4 6.Bd2 Bxc3 7.bxc3 Qd6 8.Bd3 f5
9.Ne2 Be6 10.Qa4 O-O-O 11.O-O Nf6 12.Rab1 Ng4 13.f4 e4 14.Bb5 a6 15.Bc4 Bxc4
16.Qxc4 b5 17.Qf7 Rdf8 18.Qxg7 Rhg8 19.Qxh7 Nh6 20.Ng3 Rf7 21.Nxe4 Qf8 22.Qxg8 Qxg8
23.Nc5 Rg7 24.Rf2 Qxa2 25.Rbf1 Ng4 26.Re2 Na5 27.e4 Nc4 28.exf5 Kb8 29.h3 Nxd2
30.hxg4 Rxg4 31.f6 Nf3+ 32.Kf2 Rxg2+ 33.Kxg2 Qxe2+ 34.Rf2 Nh4+ 35.Kg1 Qe1+
36.Kh2 Qxf2+ 37.Kh3  0-1

[Event "Mala mem op"]
[Site "Griesheim"]
[Date "1998.08.08"]
[Round "5"]
[White "Wornath, Kai"]
[Black "Morlo, Michael"]
[Result "1/2-1/2"]
[WhiteElo "2340"]
[BlackElo "2295"]

1.d4 d5 2.c4 Nc6 3.Nf3 Bg4 4.cxd5 Bxf3 5.gxf3 Qxd5 6.e3 e5 7.Nc3 Bb4 8.Bd2 Bxc3
9.bxc3 exd4 10.cxd4 Nge7 11.Bd3 f5 12.Rg1 g6 13.Bc3 O-O-O 14.Qe2 Rhe8 15.Rb1 Qd6
16.Qb2 Qxh2 17.Qxb7+ Kd7 18.Rf1 Rb8 19.Qa6 Rxb1+ 20.Bxb1 Nd5 21.Qc4 Qd6 22.Kd2 f4
23.Be4 fxe3+ 24.fxe3 Nxc3 25.Kxc3 Qa3+ 26.Kd2 Qa5+ 27.Ke2 Nb4 28.Rb1 Qxa2+
29.Qxa2 Nxa2 30.Kd2 a5 31.Ra1 Nb4 32.Rxa5 Nc6 33.Rd5+ Kc8 34.Rc5 Nd8 35.Bd5 Rf8
36.f4 Kd7 37.Bg2 c6 38.Ke2 Kd6 39.Kf2 Rf7 40.Kg3 Ra7 41.Rc3 Ra6 42.e4 Ne6
43.Rd3 Ra4 44.d5 cxd5 45.Rxd5+ Ke7 46.Rd3 h5 47.Rc3  1/2-1/2

[Event "Cardoza US op"]
[Site "Kona"]
[Date "1998.08.09"]
[Round "9"]
[White "Mont Reynaud, Jordy"]
[Black "Watson, John L"]
[Result "0-1"]
[WhiteElo "2125"]
[BlackElo "2365"]

1.d4 d5 2.c4 Nc6 3.cxd5 Qxd5 4.Nf3 e5 5.Nc3 Bb4 6.Bd2 Bxc3 7.Bxc3 e4 8.Ne5 e3
9.f3 Nge7 10.Qd3 Nxe5 11.dxe5 Qxd3 12.exd3 Nd5 13.d4 Be6 14.g3 c5 15.Bb5+ Ke7
16.Ke2 c4 17.Rhc1 Rhc8 18.Be1 Rc7 19.b3 cxb3 20.axb3 Rac8 21.Rxc7+ Rxc7 22.Bc4 Nb6
23.Bb4+ Kd7 24.Bxe6+ fxe6 25.Bc5 Nd5 26.Rxa7 Kc6 27.Bd6 Rc8 28.Ra5 b6 29.Ra1 Kb5
30.Kd3 Rc3+ 31.Ke4 e2  0-1

[Event "Wch (Women) U26"]
[Site "Rotterdam"]
[Date "1998.08.16"]
[Round "5"]
[White "Wang Lei"]
[Black "Botsari Miladinovic, Anna Maria"]
[Result "1/2-1/2"]
[WhiteElo "2445"]
[BlackElo "2300"]

1.d4 d5 2.c4 Nc6 3.cxd5 Qxd5 4.e3 e5 5.Nc3 Bb4 6.Bd2 Qd7 7.d5 Nce7 8.Bc4 Nf6
9.Nf3 Qd6 10.e4 a6 11.Qe2 Ng6 12.Bb3 O-O 13.O-O  1/2-1/2

[Event "Wch (Women) U26"]
[Site "Rotterdam"]
[Date "1998.08.20"]
[Round "9"]
[White "Dubinka, Inna"]
[Black "Segal, Anna"]
[Result "0-1"]
[WhiteElo "2325"]
[BlackElo "2245"]

1.d4 d5 2.c4 Nc6 3.Nf3 Bg4 4.Qa4 Bxf3 5.gxf3 e5 6.dxe5 Qh4 7.Rg1 Qxh2 8.cxd5 Qxg1
9.dxc6 b6 10.Be3 Nh6 11.Nc3 Bc5 12.Nd5 O-O 13.O-O-O Bxe3+ 14.fxe3 Rad8 15.Qe4 Qh1
16.Qd4 Kh8 17.e4 Ng8 18.Qf2 Qh6+ 19.f4 Qxc6+ 20.Kb1 Qb7 21.Rc1 c6 22.Nc3 b5
23.e3 b4 24.Na4 c5 25.Nxc5 Qc6 26.Bh3 a5 27.Bf5 Qb5 28.Qc2 Nh6 29.Bh3 Rc8
30.Bxc8 Rxc8 31.b3 Ng4 32.Qd2 h5 33.Na4 Rxc1+ 34.Kxc1 Qc6+ 35.Kb2 Qxe4 36.Nc5 Qxe3
37.Qxe3 Nxe3 38.Ne4 h4 39.Ng5 Kg8 40.a3 f6 41.exf6 gxf6 42.Nh3 Nd1+ 43.Kb1 Kg7
44.axb4 axb4 45.Kc2 Nc3  0-1

[Event "Wiesbaden op"]
[Site "Wiesbaden"]
[Date "1998.08.24"]
[Round "4"]
[White "Husari, Sate"]
[Black "Maahs, Erich"]
[Result "1/2-1/2"]
[WhiteElo "2290"]
[BlackElo "2170"]

1.d4 d5 2.c4 Nc6 3.Nc3 e5 4.cxd5 Nxd4 5.e3 Nf5 6.Nf3 Bd6 7.e4 Nfe7 8.Be2 Nf6
9.O-O O-O 10.Ne1 Ng6 11.Nd3 b5 12.a3 a5 13.Bg5 Bd7 14.b4 h6 15.Be3 Qe7 16.Nc5 Rfb8
17.g3 Bh3 18.Re1 axb4 19.axb4 Nd7 20.Rxa8 Rxa8 21.Nxb5 Nxc5 22.Nxd6 cxd6
23.bxc5 dxc5 24.Qb3 Kh7 25.Rc1 f5 26.exf5 Bxf5 27.Bxc5 Qf7 28.Rd1 e4 29.f4 exf3
30.Qxf3 Ne5 31.Qf4 Ng6 32.Qf2 Qd7 33.h4 Ra2 34.h5 Ne5 35.Bd4 Bg4 36.Bd3+ Nxd3
37.Qxa2 Bxd1 38.Qd2 Bxh5 39.Qxd3+ Bg6 40.Qf3  1/2-1/2

[Event "Wiesbaden op"]
[Site "Wiesbaden"]
[Date "1998.08.26"]
[Round "6"]
[White "Jugow, Alexander"]
[Black "Maahs, Erich"]
[Result "0-1"]
[WhiteElo "2265"]
[BlackElo "2170"]

1.d4 d5 2.c4 Nc6 3.cxd5 Qxd5 4.Nf3 e5 5.dxe5 Qxd1+ 6.Kxd1 Bg4 7.Bf4 Nge7
8.e3 O-O-O+ 9.Kc1 Ng6 10.Nc3 Bb4 11.Be2 Bxf3 12.gxf3 Ncxe5 13.Bxe5 Nxe5 14.Kc2 Bxc3
15.bxc3 Rd6 16.f4 Rhd8 17.Rad1 Rxd1 18.Rxd1 Rxd1 19.Kxd1 Ng6 20.Bc4 f6 21.Bg8 h6
22.Ke2 Kd7 23.Kf3 b5 24.Bf7 Ne7 25.e4 Kd6 26.Ke3 a5 27.Be8 Kc5 28.Kd3 c6
29.h3 Nc8 30.e5 Ne7 31.h4 Nd5 32.exf6 Nxf6 33.Bf7 Kd6 34.c4 b4 35.f3 Kc5
36.Kc2 a4 37.Kd3 Nd7 38.h5 Nb6 39.Be6 a3 40.Kc2 Nxc4 41.Bg8 Nd6 42.Kd3 Nf5
43.Ke4 Ng3+ 44.Ke5 Nxh5 45.Bb3 Ng3 46.f5 Ne2 47.f6 gxf6+ 48.Kxf6 Nd4 49.Bf7 b3
50.axb3 Kb4  0-1

[Event "CRO-chT"]
[Site "Porec"]
[Date "1998.09.06"]
[Round "2"]
[White "Kurajica, Bojan"]
[Black "Bukal, Vladimir Jr"]
[Result "1/2-1/2"]
[WhiteElo "2570"]
[BlackElo "2390"]

1.d4 d5 2.c4 Nc6 3.e3 e5 4.cxd5 Qxd5 5.Nc3 Bb4 6.Bd2 Bxc3 7.bxc3 Qd6 8.Ne2 Nge7
9.Ng3 O-O 10.Be2 b6 11.O-O h6 12.Qc2 Be6 13.Rad1 Rad8 14.Bc1 exd4 15.exd4 Na5
16.c4 Qc6 17.Ba3 Rfe8 18.Bxe7 Rxe7 19.c5 Red7 20.Bf3 Qb5 21.d5 Bxd5 22.cxb6 cxb6
23.Bg4 Be6 24.Bxe6 fxe6 25.Rc1 Qd3 26.Qb2 Nb7 27.Rc3 Qd5 28.Re3 Nc5 29.h3 Qd2
30.Qa3 Qc2 31.Rfe1 Nd3  1/2-1/2

[Event "CRO-chT"]
[Site "Porec"]
[Date "1998.09.07"]
[Round "3"]
[White "Macek, Vlasta"]
[Black "Puljek Salai, Zorica"]
[Result "1/2-1/2"]
[WhiteElo "2225"]
[BlackElo "2235"]

1.d4 d5 2.c4 Nc6 3.Nf3 Bg4 4.e3 e5 5.dxe5 dxc4 6.Qxd8+ Rxd8 7.Bxc4 Nxe5 8.Be2 Nxf3+
9.gxf3 Bh3 10.Rg1 g6 11.Bd2 Bg7 12.Bc3 Nf6 13.Nd2 O-O 14.Rc1 c6 15.a3 Nd5
16.Bxg7 Kxg7 17.Rg3 Bc8 18.h4 Rfe8 19.h5 Kh6 20.hxg6 hxg6 21.Nc4 Kg7 22.Rd1 Re7
23.e4 Rde8 24.Nd6 Nf4 25.Nxe8+ Rxe8 26.Rg1 f5 27.Bd3 Nxd3+ 28.Rxd3 fxe4 29.fxe4 Rxe4+
30.Re3 Bf5 31.Rxe4 Bxe4 32.Kd2 Kf6 33.Ke3 Bd5 34.Kf4 a5 35.Ke3 g5 36.f4 gxf4+
37.Kxf4 a4 38.Re1 b5 39.Re8 Kf7 40.Rh8 Ke6 41.Rh6+ Kd7 42.Ke5 Kc7 43.Rh7+ Kb6
44.Kd6 Bg2 45.Rh8 Kb7 46.Kc5 Be4 47.Re8 Bd5 48.Re7+ Ka6 49.Re5 Bg2 50.Re8 Bd5
51.Kd6 Kb7  1/2-1/2

[Event "Budapest FS09 IM-A"]
[Site "Budapest"]
[Date "1998.09.13"]
[Round "9"]
[White "Nguyen Thi Thanh An"]
[Black "Jamrich, Gyorgy"]
[Result "1-0"]
[WhiteElo "2115"]
[BlackElo "2310"]

1.d4 d5 2.c4 Nc6 3.Nf3 e5 4.Nxe5 Nxe5 5.dxe5 d4 6.g3 Be6 7.b3 Qd7 8.Bg2 O-O-O
9.Nd2 Bh3 10.Bxh3 Qxh3 11.Nf3 f6 12.exf6 gxf6 13.Qd3 Bb4+ 14.Bd2 Ba3 15.b4 Bb2
16.Rb1 Bc3 17.Bxc3 dxc3 18.Qxc3 h5 19.Nh4 Nh6 20.Qf3 f5 21.Ng6 Rhe8 22.Nf4 Qg4
23.Qxg4 hxg4 24.O-O Rd2 25.a3 Re4 26.c5 Kd7 27.Rfd1 Red4 28.Rxd2 Rxd2 29.Kf1 Kc6
30.Nd3 Ra2 31.b5+ Kd7 32.Rb3 Nf7 33.f4 gxf3 34.exf3 Rxh2 35.b6 axb6 36.cxb6 cxb6
37.Rxb6 Nd6 38.Nf2 Rh8 39.g4 Ra8 40.Rb3 fxg4 41.fxg4 Kc6 42.g5 Nc4 43.Rg3 Nxa3
44.g6 Nc4 45.g7 Rg8 46.Ne4 Ne3+ 47.Ke2 Nf5 48.Rg6+ Kc7 49.Nf6  1-0

[Event "Karl Wagner mem 5th"]
[Site "Graz"]
[Date "1998.09.13"]
[Round "9.11"]
[White "Gershon, Alik"]
[Black "Grabher, Heinz"]
[Result "1-0"]
[WhiteElo "2460"]
[BlackElo "2285"]

1.d4 d5 2.c4 Nc6 3.Nf3 Bg4 4.cxd5 Bxf3 5.gxf3 Qxd5 6.e3 e6 7.Nc3 Qh5 8.h4 O-O-O
9.f4 Qxd1+ 10.Kxd1 Nge7 11.h5 Nf5 12.Bd2 Be7 13.Bg2 g5 14.fxg5 Bxg5 15.Bxc6 bxc6
16.Ne4 Be7 17.Rc1 Kb7 18.Ke2 Rhg8 19.Rc3 Rg4 20.Kf3 Nh6 21.Rhc1 f5 22.Nc5+ Bxc5
23.Rxc5 Rd6 24.Bb4 Nf7 25.R5c3 Ng5+ 26.Ke2 Ne4 27.Rb3 Rd5 28.f3 Rg2+ 29.Kd3 Nf2+
30.Kc4 Nh3 31.Bc5+ Kc8 32.Bxa7 Ra5 33.Rb8+ Kd7 34.Bc5 Rxa2 35.Ba3 Rg1 36.Rxg1 Nxg1
37.f4 Nf3 38.Rh8 Ra1 39.Rxh7+ Kc8 40.h6 Rh1 41.Bb4 Rh2 42.Ba5 Nd2+ 43.Kd3 Ne4
44.Rxc7+ Kb8 45.h7  1-0

[Event "Budapest FS09 IM-A"]
[Site "Budapest"]
[Date "1998.09.15"]
[Round "11"]
[White "Husari, Sate"]
[Black "Jamrich, Gyorgy"]
[Result "1-0"]
[WhiteElo "2290"]
[BlackElo "2310"]

1.d4 d5 2.c4 Nc6 3.Nc3 Nf6 4.Nf3 Bf5 5.cxd5 Nxd5 6.Qb3 e6 7.e4 Nxc3 8.exf5 Nd5
9.Bd2 Qd6 10.Qxb7 Rb8 11.Qa6 Be7 12.Bb5 Rb6 13.Qa4 O-O 14.Rc1 Nb8 15.O-O exf5
16.Ne5 a6 17.Bd3 Qf6 18.Bc4 Rxb2 19.Bxd5 Rxd2 20.Rb1 Qd6 21.Bxf7+ Kh8 22.Rfd1 Rxd1+
23.Rxd1 Bf6 24.Re1 g6 25.Bb3 Kg7 26.Nf3 Qd7 27.Qc4 Rd8 28.h4 c6 29.Qe2 h6
30.h5 gxh5 31.Be6 Qd6 32.Bxf5 a5 33.Bc2 Nd7 34.Ne5 Nf8 35.Qxh5 Qc7 36.Re4 Bg5
37.Nf3 Bc1 38.Rg4+ Kh8 39.Ne5 Rd7 40.Qe8 Qd8 41.Qxd8  1-0

[Event "Elista ol (Men)"]
[Site "Elista"]
[Date "1998.10.01"]
[Round "3"]
[White "Kakageldyev, Amanmurad"]
[Black "Miladinovic, Igor"]
[Result "1-0"]
[WhiteElo "2475"]
[BlackElo "2555"]

1.d4 d5 2.c4 Nc6 3.Nc3 Nf6 4.e3 e6 5.Nf3 Bb4 6.Bd3 dxc4 7.Bxc4 O-O 8.O-O a6
9.Qc2 Bd6 10.Rd1 Qe7 11.a3 e5 12.h3 h6 13.b4 Bd7 14.Bb2 Rae8 15.b5 axb5 16.Nxb5 e4
17.Nd2 Na5 18.a4 Bb4 19.d5 Bf5 20.Nb3 Nd7 21.Nxa5 Bxa5 22.Nd4 Bg6 23.Ba3 Qg5
24.Bxf8 Nxf8 25.Rab1 Bb6 26.a5 Bxd4 27.Rxd4 Bf5 28.Bf1 Ng6 29.Qxc7 Ne5 30.Rxb7 Bxh3
31.Kh1 Qh4 32.gxh3 Qxf2 33.Bg2 Qe1+ 34.Kh2 Kh7 35.Rxe4  1-0

[Event "Cap d'Agde-B"]
[Site "Cap d'Agde"]
[Date "1998.10.25"]
[Round "1"]
[White "Adianto, Utut"]
[Black "Arencibia, Walter"]
[Result "1/2-1/2"]
[WhiteElo "2610"]
[BlackElo "2550"]

1.d4 d5 2.c4 Nc6 3.Nc3 dxc4 4.Nf3 Nf6 5.d5 Na5 6.e4 c6 7.Ne5 e6 8.dxc6 Qxd1+
9.Kxd1 Nxc6 10.Nxc6 bxc6 11.Bxc4 Ng4 12.Ke1 Bc5 13.Be2 e5 14.Bxg4 Bxg4 15.Be3 Bxe3
16.fxe3 O-O-O 17.h3 Bh5 18.g4 Bg6 19.Ke2 h5 20.Rac1 hxg4 21.hxg4 Rxh1 22.Rxh1 Kc7
23.Rh2 Rb8 24.Kf3 Rd8 25.Rc2 Rh8 26.Kg3 Rh1 27.Nb5+ Kb6 28.Nd6 f6 29.Rd2 Rg1+
30.Kf3 Rf1+ 31.Kg2 Re1 32.Kf2 Rh1 33.Kg2 Re1  1/2-1/2

[Event "Panormo zt"]
[Site "Panormo"]
[Date "1998.10.27"]
[Round "4"]
[White "Karayannis, Athanasios"]
[Black "Karadeniz, Emre"]
[Result "1-0"]
[WhiteElo "2365"]
[BlackElo "2220"]

1.d4 d5 2.c4 Nc6 3.e3 e5 4.dxe5 d4 5.a3 Nge7 6.Be2 Bf5 7.Nf3 d3 8.Bf1 Qd7
9.Nc3 O-O-O 10.h3 Ng6 11.Qa4 Ngxe5 12.Bd2 Nxf3+ 13.gxf3 Kb8 14.f4 g5 15.fxg5 Ne5
16.Qxd7 Rxd7 17.O-O-O Nxc4 18.e4 Be6 19.Bf4 Bg7 20.Rxd3 Rxd3 21.Bxd3 Bxc3
22.bxc3 Nxa3 23.h4 a5 24.Rd1 Bb3 25.Rd2 Rd8 26.e5 Nc4 27.Bxc4 Rxd2 28.Bxb3 Rxf2
29.Bxf7 Rxf4 30.e6 Re4 31.h5 Kc8 32.g6 hxg6 33.hxg6 Kd8 34.g7 Rg4 35.g8=Q+ Rxg8
36.Bxg8 b5 37.Bh7 b4 38.cxb4 axb4 39.Kb2 Ke7 40.Bf5 c5 41.Kb3  1-0

[Event "Chigorin mem"]
[Site "St. Petersburg"]
[Date "1998.10.31"]
[Round "1"]
[White "Biriukov, Oleg V"]
[Black "Sepman, Yelius"]
[Result "1-0"]
[WhiteElo "2410"]
[BlackElo "2145"]

1.d4 d5 2.c4 Nc6 3.cxd5 Qxd5 4.e3 e5 5.Nc3 Bb4 6.Bd2 Bxc3 7.Bxc3 exd4 8.Ne2 Nge7
9.Nxd4 Nxd4 10.Qxd4 Qxd4 11.Bxd4 O-O 12.Bc4 Re8 13.O-O-O Nc6 14.Bc3 Bf5 15.Rhe1 Ne5
16.Bf1 f6 17.e4 Be6 18.f4 Nc6 19.b3 Rad8 20.h3 a6 21.g4 Bf7 22.Rxd8 Rxd8
23.Rd1 Rxd1+ 24.Kxd1 Kf8 25.Kd2 h6 26.h4 Be6 27.Be2 Ke7 28.h5 Nb8 29.Bf3 Nd7
30.e5 fxe5 31.f5 Bf7 32.Bxb7 Kf6 33.Bxa6 Kg5 34.Bc8 Be8 35.a4 Kxg4 36.a5 Kf4
37.a6 Nc5 38.Bb7 Nxa6 39.Bxa6 Kxf5 40.Be2 Bf7 41.b4 g6 42.b5 g5 43.Ba5 g4
44.Bxc7 Bd5 45.Ke3 Bb7 46.Bd3+ e4 47.Bc2 Ba8 48.b6 Bc6 49.Bf4 Bb7 50.Bxh6 g3
51.Bf4 g2 52.Bh2 Kg5 53.Bxe4 Bc8 54.Bf3  1-0

[Event "Corsican op"]
[Site "Bastia"]
[Date "1998.11.01"]
[Round "3"]
[White "Yakovich, Yuri"]
[Black "Sulava, Nenad"]
[Result "1/2-1/2"]
[WhiteElo "2560"]
[BlackElo "2380"]

1.d4 d5 2.c4 Nc6 3.cxd5 Qxd5 4.e3 e5 5.Nc3 Bb4 6.Bd2 Bxc3 7.bxc3 Nf6 8.c4 Qd6
9.d5 Ne7 10.Qb1 a5 11.Bd3 O-O 12.Ne2 c6 13.e4 b5 14.cxb5 cxd5 15.Ng3 Bb7
16.Bg5 Nxe4 17.Nxe4 dxe4 18.Bxe4 Bxe4 19.Qxe4 f6 20.Be3 Qb4+ 21.Qxb4 axb4
22.Bc5 Kf7 23.Bxb4 Rfb8 24.Bxe7 Kxe7 25.Ke2 Rxb5 26.Rhd1 Rba5 27.Rd2 f5 28.g3 g5
29.h3 Ke6 30.Rb1 R8a6 31.Rb7 Rxa2  1/2-1/2

[Event "Panormo zt"]
[Site "Panormo"]
[Date "1998.11.01"]
[Round "9"]
[White "Edzgveradze, Natalia"]
[Black "Chibukhchian, Artur"]
[Result "1-0"]
[WhiteElo "2310"]
[BlackElo "2415"]

1.d4 d5 2.c4 Nc6 3.cxd5 Qxd5 4.e3 e5 5.Nc3 Bb4 6.Bd2 Bxc3 7.bxc3 Nf6 8.f3 Qd6
9.Bd3 O-O 10.Ne2 Be6 11.O-O b6 12.Be1 Rfe8 13.Bh4 Nd7 14.Bf2 exd4 15.cxd4 Nb4
16.Bb1 c5 17.a3 Nc6 18.Bg3 Qe7 19.d5 Bxd5 20.Qxd5 Qxe3+ 21.Bf2 Qxe2 22.Qxc6 Nf6
23.Bf5 Qe5 24.Bh3 h6 25.a4 Rad8 26.a5 Rd6 27.Qb5 Red8 28.axb6 axb6 29.Rae1 Qc3
30.Bg3 Rd2 31.Qxb6 R8d5 32.Qc7 Qc2 33.Bf4 Rd1 34.Rxd1 Rxd1 35.Qc8+ Ne8 36.Qxe8+ Kh7
37.Qe4+ Qxe4 38.fxe4 Rd4 39.Be5 Rd2 40.Bf5+ g6 41.Bh3 Kg8 42.Ra1 Kf8 43.Bf6  1-0

[Event "Chigorin mem"]
[Site "St. Petersburg"]
[Date "1998.11.02"]
[Round "3"]
[White "Chehlov, Aleksander"]
[Black "Sepman, Yelius"]
[Result "1/2-1/2"]
[WhiteElo "2315"]
[BlackElo "2145"]

1.d4 d5 2.c4 Nc6 3.Nf3 Bg4 4.Qa4 Bxf3 5.exf3 e6 6.Nc3 Nf6 7.cxd5 Nxd5 8.Bb5 Qd7
9.Nxd5 Qxd5 10.O-O Bd6 11.Be3 a6 12.Bd3 O-O 13.a3 Qh5 14.h3 Ne7 15.Qb3 Rab8
16.Rad1 Nd5 17.Be4 c6 18.Bd2 Rfd8 19.Rfe1 Rd7 20.Bd3 Rbd8 21.Bf1 Bb8 22.g3 Ne7
23.Bg2 Qd5 24.Qc2 Qxd4 25.Bg5 Qxd1 26.Rxd1 Rxd1+ 27.Kh2 R1d7 28.h4 h6 29.Bc1 Nf5
30.f4 Ba7 31.Be4 Rd1 32.Kg2 Bb6 33.Bf3 R1d3 34.Be2 R3d7 35.Bg4 Rd5 36.h5 Rc5
37.Qb1 a5 38.Bf3 a4 39.b4 axb3 40.Qxb3 Rb5 41.Qa2 Nd4 42.a4 Ra5 43.Be3 Bc5
44.Bd1 Nf5 45.Bd2 Raa8 46.g4 Ne7 47.Qc2 Bb6 48.Bf3 Nd5 49.g5 Ba5 50.Bc1 Nb4
51.Qe4 Nd3 52.Be3 Ne1+ 53.Kg3 Nxf3 54.Kxf3 Rd5 55.Qb1 b5 56.Qc2 Rc8 57.axb5 Rxb5
58.Qc4 Bb6 59.Bxb6 Rxb6 60.g6 Rb7 61.gxf7+ Rxf7 62.Qxe6 Rc7 63.Kg4 c5 64.Qc4 Kh8
65.f5 Rfd7 66.Qe6 Re7 67.Qc4 Rf7 68.f3 Rf6 69.Kf4 Kh7 70.Kg4 Rd6 71.Kg3 Rf6
72.Kg4 Rff7 73.Kf4 Rfe7 74.Qc2  1/2-1/2

[Event "AUT-chT2O 9899"]
[Site "AUT"]
[Date "1998.11.15"]
[Round "4"]
[White "Steinert, Martin"]
[Black "Eibersberger, Manfred"]
[Result "1/2-1/2"]
[WhiteElo "2170"]
[BlackElo "2240"]

1.d4 d5 2.c4 Nc6 3.Nf3 e5 4.dxe5 Bb4+ 5.Bd2 dxc4 6.g3 Nge7 7.Qa4 Nd5 8.Bg2 Bf5
9.O-O Nb6 10.Qd1 O-O 11.Qc1 Qd7 12.Rd1 Rad8 13.Nc3 Qc8 14.e4 Bg4 15.Nd5 Nxd5
16.exd5 Rxd5 17.Bxb4 Rxd1+ 18.Qxd1 Nxb4 19.Qa4 Bxf3 20.Bxf3 Nd3 21.Qxc4 Nxe5
22.Qc3 Nxf3+ 23.Qxf3 c6 24.Kg2 Rd8 25.Qe3 a6 26.Re1 Qd7 27.h4 h6 28.Qb6 Qd5+
29.Kh2 Rd7 30.a3 Qf3 31.Kg1 Qd5 32.Qe3 Kh7 33.Re2 Qd1+ 34.Kg2 Qd5+ 35.Kg1 Qd3
36.Qe5 Qd1+ 37.Kh2 Qd4 38.Qf5+ g6 39.Qa5 Qd5 40.Qc3 Qd4  1/2-1/2

[Event "Tanta zt"]
[Site "Tanta"]
[Date "1998.11.17"]
[Round "2"]
[White "Mohsen, Khaled"]
[Black "Ghonimy, Soltan"]
[Result "1-0"]
[WhiteElo "2330"]
[BlackElo "2270"]

1.d4 d5 2.c4 Nc6 3.Nf3 Bg4 4.cxd5 Bxf3 5.dxc6 Bxc6 6.Nc3 e6 7.e4 Bb4 8.f3 Qh4+
9.g3 Qf6 10.Bg2 O-O-O 11.Be3 Ba5 12.a4 Bb6 13.Ne2 Ba5+ 14.Bd2 Bxd2+ 15.Qxd2 h5
16.h4 Qh6 17.b4 Qxd2+ 18.Kxd2 f5 19.b5 Be8 20.Rhc1 Nf6 21.Nf4 Rxd4+ 22.Ke3 Rd6
23.e5 Nd5+ 24.Kf2 Rb6 25.Nxd5 exd5 26.Rc5 c6 27.Bf1 a5 28.Rac1 Kb8 29.Ke3 Bd7
30.Kd4 Rf8 31.f4 Re8 32.bxc6 Rb4+ 33.Kc3 Bxc6 34.Rxa5 Rxa4 35.Rxa4 Bxa4 36.Kd4 Bc6
37.Bg2 Kc7 38.Rc5 b6 39.Rc1 Rd8 40.Ra1 Kb7 41.e6 Re8 42.Ke5 d4 43.Ra7+ Kxa7
44.Bxc6 Rc8 45.e7 Rxc6 46.e8=Q Kb7 47.Kxd4 g6 48.Qf7+ Ka6  1-0

[Event "Boavista Challenge"]
[Site "Porto"]
[Date "1998.12.12"]
[Round "10"]
[White "Ferreira, Paolo"]
[Black "Parcerias, Pedro"]
[Result "0-1"]
[WhiteElo "2205"]
[BlackElo "2255"]

1.d4 d5 2.c4 Nc6 3.Nf3 Bg4 4.cxd5 Bxf3 5.dxc6 Bxc6 6.Nc3 e6 7.e4 Bb4 8.f3 Qh4+
9.g3 Qf6 10.Be3 O-O-O 11.Bc4 Bc5 12.e5 Qf5 13.O-O Bb6 14.b4 Ne7 15.a4 Rxd4
16.Bxd4 Rd8 17.Qb3 Bxd4+ 18.Kg2 Qxe5 19.Rae1 Qh5 20.b5 Bd5 21.Nxd5 Nxd5 22.Re4 Bb6
23.Rd1 Ne3+ 24.Rxe3 Rxd1 25.Qxd1 Bxe3 26.Qd3 Qc5 27.Qe4 Qd4 28.Bxe6+ fxe6
29.Qxe6+ Kd8 30.Qg8+ Ke7 31.Qxh7 c5 32.bxc6 bxc6 33.Qb1 Qd2+ 34.Kh3 Qd7+
35.Kg2 Bb6 36.Qe1+ Qe6 37.Qb4+ Kd7 38.a5 Qe2+ 39.Kh3 Qf1+ 40.Kg4 Qb5 41.Qf4 Qxa5
42.Qf7+ Kd6 43.Qf8+ Ke6 44.Qe8+ Kd5 45.Qe4+ Kd6 46.Qg6+ Kc5 47.Qc2+ Kd6 48.Qg6+ Kc7
49.Qxg7+ Kb8 50.h4 Qd5 51.h5 Qe6+ 52.Kg5 Bd8+ 53.Kf4 Bb6 54.Qh8+ Kb7 55.Qg7+ Bc7+
56.Kg5 a5  0-1

[Event "BL2-N9899"]
[Site "Germany"]
[Date "1998.12.13"]
[Round "3.4"]
[White "Dyballa, Markus"]
[Black "Fette, Martin"]
[Result "0-1"]
[WhiteElo "2310"]
[BlackElo "2350"]

1.d4 d5 2.c4 Nc6 3.e3 e5 4.dxe5 d4 5.exd4 Qxd4 6.Qxd4 Nxd4 7.Bd3 Bg4 8.f3 Be6
9.Ne2 O-O-O 10.Nf4 Bb4+ 11.Bd2 Nc6 12.Nxe6 Rxd3 13.Nxg7 Nge7 14.Nh5 Rhd8
15.Bxb4 Rd1+ 16.Ke2 Rxh1 17.Bxe7 Nxe7 18.Ng3 Rxh2 19.Kf2 Rd1 20.f4 Nc6 21.Ne2 Rhh1
22.Nec3 Rd4 23.Ke3 Nb4  0-1

[Event "Oxford GM-B"]
[Site "Oxford"]
[Date "1998.12.14"]
[Round "1"]
[White "Barsov, Alexei"]
[Black "Summerscale, Aaron"]
[Result "1/2-1/2"]
[WhiteElo "2475"]
[BlackElo "2455"]

1.d4 d5 2.c4 Nc6 3.Nc3 dxc4 4.Nf3 Nf6 5.e3 Bg4 6.Bxc4 e6 7.Bb5 Bb4 8.Qa4 Bxf3
9.gxf3 Qd6 10.Ke2 Bxc3 11.bxc3 Nd5 12.Bxc6+ bxc6 13.Qb3 c5 14.c4 Qa6 15.Bb2 O-O
16.Qb5 Qxb5 17.cxb5 cxd4 18.Bxd4 a6 19.a4 axb5 20.axb5 f6 21.f4 Rfb8 22.Ra6 Nb4
23.Rxa8  1/2-1/2

[Event "Carlos Torre op 11th"]
[Site "Merida"]
[Date "1998.12.17"]
[Round "3"]
[White "Urday, Henry"]
[Black "Sariego, Wilfredo"]
[Result "0-1"]
[WhiteElo "2475"]
[BlackElo "2385"]

1.d4 d5 2.c4 Nc6 3.Nf3 Bg4 4.cxd5 Bxf3 5.gxf3 Qxd5 6.e3 e5 7.Nc3 Bb4 8.Bd2 Bxc3
9.bxc3 Qd6 10.f4 exf4 11.e4 Nge7 12.Qf3 O-O 13.Bxf4 Qe6 14.d5 Nxd5 15.Bc4 Rfe8
16.O-O-O Qf6 17.Bxd5 Ne5 18.Qg3 a5 19.Bxe5 Rxe5 20.f4 Rh5 21.e5 Qh6 22.Kc2 c6
23.Bc4 Rh4 24.Rd4 b5 25.Bd3 g6 26.Be4 b4 27.Bxc6 Rc8 28.Rc4 Rh3 29.Qf2 bxc3
30.Bd5 Rd8 31.Rd4 Rb8 32.Bb3 Qf8 33.Rb1 Kh8 34.e6 fxe6 35.Bxe6 Rxb1 36.Kxb1 Qb8+
37.Kc1 Rf3 38.Qe2 Rf1+ 39.Kc2 Qb1+ 40.Kxc3 Rc1+ 41.Kd2 Rc2+  0-1

[Event "Rilton Cup 9899"]
[Site "Stockholm"]
[Date "1998.12.31"]
[Round "4"]
[White "Bezold, Michael"]
[Black "Bromann, Thorbjorn"]
[Result "1-0"]
[WhiteElo "2490"]
[BlackElo "2270"]

1.d4 d5 2.c4 Nc6 3.Nc3 dxc4 4.Nf3 Nf6 5.e4 Bg4 6.Be3 e5 7.d5 Ne7 8.Bxc4 Ng6
9.Bb5+ Bd7 10.Qb3 Bd6 11.Bxd7+ Qxd7 12.O-O O-O 13.Qxb7 Rfb8 14.Qa6 Nh5 15.Rab1 Ngf4
16.Ne2 g5 17.Ng3 Qg4 18.Nd2 Nxg3 19.fxg3 Ne2+ 20.Kh1 Rb4 21.a3 Rd4 22.Rbe1 Rxd2
23.Bxd2 Nd4 24.Bc3  1-0